000 00350nam a22001577a 4500
020 _a0333-93693-0
082 _a612
_bSIN/H
100 _aSINGH, INDERBIR
100 _aPAL, G.P
245 _aHUMAN EMBRYOLOGY
250 _aSEVENTH EDITION
260 _aDELHI
_bMACMILLAN
_c2006
300 _a391
650 _aSCIENCE REFERENCE
_zINDIA
942 _cBK
999 _c1439
_d1439